Statystyki dla Wszystkie miasta z których pochodzą zespoły MLS, NBA, NHL, NFL, MLB

Kliknij tutaj aby rozwiązać quiz!

Ogólne statystyki

  • Ten quiz został rozwiązany 358 razy
  • Średni wynik to 107 z 152

Statystyki odpowiedzi

ZespółLigaMiasto% Poprawnych
KingsNHLLos Angeles
99%
FCMLSLos Angeles
99%
AngelsMLBLos Angeles
99%
GalaxyMLSLos Angeles
99%
DodgersMLBLos Angeles
99%
LakersNBALos Angeles
99%
ClippersNBALos Angeles
99%
KnicksNBANowy Jork
98%
NetsNBANowy Jork
98%
YankeesMLBNowy Jork
98%
MetsMLBNowy Jork
98%
GiantsNFLNowy Jork
98%
JetsNFLNowy Jork
98%
RangersNHLNowy Jork
98%
IslandersNHLNowy Jork
98%
FCMLSNowy Jork
98%
Red BullsMLSNowy Jork
98%
BullsNBAChicago
96%
CubsMLBChicago
96%
BlackhawksNHLChicago
96%
White SoxMLBChicago
96%
FireMLSChicago
96%
BearsNFLChicago
96%
HeatNBAMiami
96%
Inter ... FCMLSMiami
96%
DolphinsNFLMiami
96%
MarlinsMLBMiami
96%
WizardsNBAWaszyngton
94%
UnitedMLSWaszyngton
94%
CapitalsNHLWaszyngton
94%
CommandersNFLWaszyngton
94%
NationalsMLBWaszyngton
93%
CelticsNBABoston
91%
BruinsNHLBoston
91%
Red SoxMLBBoston
91%
Maple LeafsNHLToronto
91%
RaptorsNBAToronto
91%
FCMLSToronto
91%
Blue JaysMLBToronto
91%
MavericksNBADallas
90%
CowboysNFLDallas
90%
FCMLSDallas
90%
StarsNHLDallas
90%
Red WingsNHLDetroit
88%
PistonsNBADetroit
88%
TigersMLBDetroit
88%
LionsNFLDetroit
88%
SpursNBASan Antonio
88%
TexansNFLHouston
87%
AstrosMLBHouston
87%
RocketsNBAHouston
87%
DynamoMLSHouston
87%
RapidsMLSDenver
86%
NuggetsNBADenver
86%
RockiesMLBDenver
86%
AvalancheNHLDenver
86%
BroncosNFLDenver
86%
SCMLSOrlando
85%
MagicNBAOrlando
85%
TimbersMLSPortland
85%
Trail BlazersNBAPortland
85%
FlyersNHLFiladelfia
84%
PhilliesMLBFiladelfia
84%
EaglesNFLFiladelfia
84%
76ersNBAFiladelfia
84%
UnionMLSFiladelfia
84%
SunsNBAPhoenix
84%
CardinalsNFLPhoenix
84%
DiamondbacksMLBPhoenix
84%
GiantsMLBSan Francisco
84%
49ersNFLSan Francisco
84%
WarriorsNBASan Francisco
84%
United FCMLSAtlanta
83%
HawksNBAAtlanta
83%
BravesMLBAtlanta
83%
FalconsNFLAtlanta
83%
MarinersMLBSeattle
81%
SeahawksNFLSeattle
81%
KrakenNHLSeattle
81%
Sounders FCMLSSeattle
81%
KingsNBASacramento
80%
GrizzliesNBAMemphis
77%
FCMLSCharlotte
75%
PanthersNFLCharlotte
75%
HornetsNBACharlotte
75%
GuardiansMLBCleveland
74%
BrownsNFLCleveland
74%
CavaliersNBACleveland
74%
BrewersMLBMilwaukee
72%
BucksNBAMilwaukee
72%
SaintsNFLNowy Orlean
72%
PelicansNBANowy Orlean
72%
ThunderNBAOklahoma City
70%
JazzNBASalt Lake City
70%
RealMLSSalt Lake City
70%
ColtsNFLIndianapolis
66%
PacersNBAIndianapolis
66%
Golden KnightsNHLLas Vegas
66%
CanucksNHLVancouver
65%
Whitecaps FCMLSVancouver
65%
TwinsMLBMinneapolis
60%
United FCMLSMinneapolis
60%
VikingsNFLMinneapolis
60%
TimberwolvesNBAMinneapolis
60%
SenatorsNHLOttawa
59%
EarthquakesMLSSan Jose
59%
SharksNHLSan Jose
59%
BuccaneersNFLTampa
56%
LightningNHLTampa
56%
RaysMLBTampa
56%
CrewMLSColumbus
53%
Blue JacketsNHLColumbus
53%
CFMLSMontreal
53%
CanadiensNHLMontreal
53%
ChiefsNFLKansas City
51%
RoyalsMLBKansas City
51%
SportingMLSKansas City
51%
PenguinsNHLPittsburgh
47%
SteelersNFLPittsburgh
47%
PiratesMLBPittsburgh
47%
PredatorsNHLNashville
46%
SCMLSNashville
46%
TitansNFLNashville
46%
PadresMLBSan Diego
46%
ChargersNFLSan Diego
46%
OilersNHLEdmonton
43%
FCMLSAustin
40%
FlamesNHLCalgary
39%
SabresNHLBuffalo
38%
BillsNFLBuffalo
38%
RavensNFLBaltimore
36%
OriolesMLBBaltimore
36%
BluesNHLSt. Louis
35%
RamsNFLSt. Louis
35%
CardinalsMLBSt. Louis
35%
RedsMLBCincinnati
34%
BengalsNFLCincinnati
34%
FCMLSCincinnati
34%
JaguarsNFLJacksonville
29%
DucksNHLAnaheim
28%
AthleticsMLBOakland
28%
RaidersNFLOakland
28%
JetsNHLWinnipeg
23%
PackersNFLGreen Bay
18%
New England RevolutionMLSFoxborough
12%
PatriotsNFLFoxborough
12%
DevilsNHLNewark
8%
WildNHLSt. Paul
8%
HurricanesNHLRaleigh
7%
PanthersNHLSunrise
4%
RangersMLBArlington
3%
CoyotesNHLGlendale
1%

Rozkład punktacji

Percentyl według liczby udzielonych odpowiedzi

Procent ludzi z każdym wynikiem

Twoja historia wyników

Nie rozwiązałeś tego quizu